| 000 | 00463nam a22001457a 4500 | ||
|---|---|---|---|
| 020 | _a9789835432048 | ||
| 080 | _a347.79 (82) P 174 | ||
| 100 | _aPaleo, Silvia Nelly | ||
| 245 | _aAlgunas problematicas del mar Argentino | ||
| 260 |
_aMar del Plata: _bMartin, _c2021 |
||
| 300 |
_a207 P. _c24 X 17 Cm. |
||
| 650 |
_xderecho maritimo _xjunta de seguridad del transporte _xbuques pesqueros _xbuques mercantes _xmar argentino |
||
| 945 |
_acd _d2024-04-29 |
||
| 999 |
_c5389 _d235893 |
||
| 942 | _6_ | ||